| 000 | 00706nam a22001817a 4500 | ||
|---|---|---|---|
| 005 | 20241019113019.0 | ||
| 008 | 241019b |||||||| |||| 00| 0 eng d | ||
| 020 | _a9788121929479 | ||
| 050 | _aKD2057.A7 | ||
| 100 | _aTulsian, P. C. | ||
| 245 |
_aTulsian's Company and Compensation Laws _bA Self Study Textbook for B.Com. (Programme) Course (University of Delhi) _cTulsian P. C. |
||
| 250 | _aFirst Ed. | ||
| 260 |
_aNew Delhi _aIndia _bS. Chand & Company Ltd. _c2008 |
||
| 300 |
_axiv; 17.12 pages _bAppendix _c24cm |
||
| 650 |
_2Company Law _aIndia _xCompany and Compensation Laws |
||
| 700 |
_aTulsian, P. C. _cTulsian's Company and Compensation Laws _eAuthor _qDr. P. C. Tulsian |
||
| 942 |
_2lcc _cBK _eFirst Ed. _n0 |
||
| 999 |
_c77 _d77 |
||